Countries Closest to Luxembourg (with a map) - Statistics

General Stats
  • This quiz has been taken 1,590 times
  • The average score is 16 of 20
Answers on the Map
Answers color-coded by a green-red scale on the quiz's map according to % correct below.
 
Answer Stats
country % Correct
France
98%
Germany
97%
Belgium
95%
Italy
94%
Netherlands
94%
Switzerland
94%
Austria
89%
United Kingdom
89%
Denmark
84%
Liechtenstein
81%
Czechia
80%
Poland
79%
Spain
77%
Monaco
73%
Slovenia
65%
San Marino
64%
Slovakia
62%
Sweden
59%
Hungary
57%
Croatia
53%
No matching quizzes found
Score Distribution
Percent of People with Each Score
Percentile by Number Answered
Your Score History
You have not taken this quiz